000 01034 a2200325 4500
001 110604
003 OSt
005 20240125175546.0
008 240125b |||||||| |||| 00| 0 ENG d
020 _a9780553523713
040 _aBR-BrIDEA
_cBR-BrIDEA
041 _aENG
090 _aP Year 7 741 PUL
092 _a2015005828
100 _aPullman, Philip
245 1 0 _aThe golden compass
_bthe graphic novel. Volume one
_cPhilip Pullman ; Stéphane Melchior-Durand
250 _a1st U.S. ed.
260 _aNew York
_bAlfred A. Knopf
_c2015
300 _a1 v. (unpaged)
490 _aGolden Compass Graphic Novels
_v1
697 _aFantasy fiction.
697 _aGraphic novels.
697 _aMissing persons - Experiments - Comic books, strips, etc - Fiction.
697 _aArctic regions - Comic books, strips, etc - Fiction.
697 _aKidnapping - Comic books, strips, etc - Fiction.
697 _aAdaptations.
697 _aFICTION / Fantasy / Epic.
856 _u00001a/00001a63.jpg
942 _cBK
_2udc
999 _c110604
_d110604